00551nam a22001697a 450000500170000001000150001702000260003203500140005803700130007208200110008510000240009624500830012026000450020327000640024830000180031250000510033020200218120218.0 aENG-127896 c895.00a9780199489879 aEN-111428 bDBAD/PUB a349.54 aMahendra Pal Singh  aThe Indian legal system:cby Mahendra Pal Singh [and] Niraj Kumarban enquiry/ aNew Delhic2019bOxford University Press a2/11 Ground Floor,Ansari Road,Dariyaganje110002bNew Delhi a247p.b22(hb) aincludes bibliographical references and index